Makro-mikrolokalizácia a priestorovofunkčná organizácia stredísk vyššieho vzdelávania na Kube : Kandidátska dizertačná práca /

Guardado en:
Detalles Bibliográficos
Autor principal: Martinéz Mendéz, Alberto (Autor)
Formato: Manuscrito Libro
Lenguaje:eslovaco
Publicado: Bratislava : Slovenská vysoká škola technická v Bratislave, Fakulta architektúry, 1983
Materias:
Etiquetas: Agregar Etiqueta
Sin Etiquetas, Sea el primero en etiquetar este registro!

MARC

LEADER 00000ntm a22000003a 4500
001 0113243
003 SK-STU
005 20241219124451.7
007 ta
008 241218s2024----xo-----f-mn---000-0-slo-d
040 |a STU  |b slo 
041 0 |a slo 
044 |a xo  |c SK 
100 1 |a Martinéz Mendéz, Alberto  |4 aut 
245 1 0 |a Makro-mikrolokalizácia a priestorovofunkčná organizácia stredísk vyššieho vzdelávania na Kube :  |b Kandidátska dizertačná práca /  |c aut. Alberto Martinéz Mendéz 
260 |a Bratislava :  |b Slovenská vysoká škola technická v Bratislave, Fakulta architektúry,  |c 1983 
300 |a 188 s. 
650 0 7 |a územný rozvoj 
650 0 7 |a urbanizmus 
650 0 7 |a vzdelávanie vysokoškolské 
650 0 7 |a odborné vzdelávanie 
650 0 7 |a školské budovy 
650 0 7 |a Kuba 
650 0 7 |a zahraničie 
650 0 7 |a architektonické navrhovanie 
996 |b 284AU10201  |c A* 210/V  |l AAKNST  |s P  |a 0  |w 0113243_0001